Normal view
MARC view
Entry Personal Name
001 - CONTROL NUMBER
- control field: 87203
003 - CONTROL NUMBER IDENTIFIER
- control field: dpl
005 - DATE AND TIME OF LATEST TRANSACTION
- control field: 20260209103530.0
008 - FIXED-LENGTH DATA ELEMENTS
- fixed length control field: 260209|| aca||aabn | a|a d
040 ## - CATALOGING SOURCE
- Original cataloging agency: dpl
- Transcribing agency: dpl
100 ## - HEADING--PERSONAL NAME
- Personal name: Singh Pavneet
670 ## - SOURCE DATA FOUND
- Source citation: Work cat.: (dpl)207575: Singh Pavneet, Factbook of Indian Culture/, 2023
